[Event "European Youth Chess Championship G18"]
[Site "Prague, Top Hotel Prague"]
[Date "2016.08.25"]
[Round "7.19"]
[White "Vangsgaard, Freja"]
[Black "Weaver, Lauren"]
[Result "0-1"]
[WhiteElo "2129"]
[BlackElo "1552"]
[PlyCount "78"]
[EventDate "2016.08.18"]

1. d4 Nf6 2. c4 g6 3. Nc3 Bg7 4. e4 d6 5. f3 O-O 6. Be3 e5 7. Nge2 Nfd7 8. d5
f5 9. Nc1 a5 10. Be2 Nc5 11. O-O Nbd7 12. b3 Nf6 13. Bxc5 dxc5 14. Nd3 b6 15.
a3 Nh5 16. g3 Qg5 17. Qc1 Nf4 18. Kh1 Nh3 19. Qxg5 Nxg5 20. h4 Nf7 21. Nb5 fxe4
22. fxe4 Bh3 23. Rg1 Nd6 24. Nxd6 cxd6 25. g4 h5 26. gxh5 gxh5 27. Bxh5 Rf6 28.
Kh2 Bd7 29. Rg5 Kh7 30. Rag1 Bh6 31. Bg6+ Kg7 32. R5g2 Kh8 33. h5 Raf8 34. Re1
b5 35. Ree2 Rf3 36. Rg3 Bg4 37. Rxg4 Rxd3 38. Reg2 Rxb3 39. cxb5 Rxb5 {white
flag fallen} 0-1

[Event "European Youth Chess Championship G18"]
[Site "Prague, Top Hotel Prague"]
[Date "2016.08.25"]
[Round "7.20"]
[White "Kassay, Lilla"]
[Black "Gitu, Paula-Alexandra"]
[Result "1/2-1/2"]
[WhiteElo "2034"]
[BlackElo "2012"]
[PlyCount "89"]
[EventDate "2016.08.18"]

1. e4 d5 2. exd5 Qxd5 3. Nc3 Qd6 4. Bc4 Nf6 5. d3 a6 6. Nge2 b5 7. Bb3 Bb7 8.
O-O e6 9. Ng3 Be7 10. Be3 h5 11. Nge4 Nxe4 12. Nxe4 Bxe4 13. dxe4 Qxd1 14.
Raxd1 O-O 15. f4 c5 16. c4 Nc6 17. Rd7 Rfd8 18. Rfd1 Rxd7 19. Rxd7 Ra7 20. Rxa7
Nxa7 21. Bd1 g6 22. cxb5 axb5 23. b4 Kf8 24. bxc5 Ke8 25. Be2 Kd8 26. c6 Nxc6
27. Bb6+ Kc8 28. Bxb5 Kb7 29. Be3 f6 30. a4 g5 31. g3 e5 32. fxg5 fxg5 33. Kf2
Nd4 34. Bxd4 exd4 35. a5 Bf6 36. Ke2 Bd8 37. Kd3 Bxa5 38. Kxd4 Kc7 39. Ke5 h4
40. gxh4 gxh4 41. Kf6 Bb4 42. e5 Kd8 43. Kf7 Be7 44. e6 Bg5 45. Kg6 1/2-1/2

[Event "European Youth Chess Championship G18"]
[Site "Prague, Top Hotel Prague"]
[Date "2016.08.25"]
[Round "7.21"]
[White "Dai, Irmak"]
[Black "Naghiyeva, Khayala"]
[Result "1-0"]
[WhiteElo "1806"]
[BlackElo "1663"]
[PlyCount "179"]
[EventDate "2016.08.18"]

1. e4 c5 2. Nf3 Nc6 3. d4 cxd4 4. Nxd4 g6 5. Nc3 Bg7 6. Be3 Nf6 7. Bc4 O-O 8.
Bb3 d6 9. f3 Bd7 10. Qd2 Rc8 11. O-O-O Na5 12. g4 Nc4 13. Bxc4 Rxc4 14. h4 h5
15. gxh5 Nxh5 16. Kb1 Qa5 17. Nd5 Qd8 18. Ne2 Ra4 19. Bh6 Be6 20. Bxg7 Kxg7 21.
Nec3 Ra5 22. Rdg1 Rh8 23. Qd4+ Kg8 24. f4 Bxd5 25. exd5 Qd7 26. Rg5 Ng7 27. Qg1
Rh5 28. Rg4 Rc5 29. Qg2 Qf5 30. Rg1 Kf8 31. Qe2 Ne8 32. Ne4 Rxd5 33. Ng3 Rd2
34. Nxf5 Rxe2 35. Ng3 Nf6 36. Nxe2 Nxg4 37. Rxg4 Kg7 38. Ng3 Rd5 39. Kc1 f5 40.
Rg5 Kf6 41. h5 gxh5 42. Rxh5 a5 43. Rh6+ Kg7 44. Re6 Kf7 45. Re3 b5 46. Rd3 Rc5
47. Kd2 b4 48. c3 Kf6 49. cxb4 axb4 50. Rd4 Rb5 51. Kc2 b3+ 52. axb3 Rb6 53.
Ne2 e5 54. Ra4 Rc6+ 55. Rc4 Rb6 56. Nc3 Kg6 57. Na4 Ra6 58. Rb4 Rc6+ 59. Kd2
Kh5 60. Rb6 Rc7 61. Rxd6 exf4 62. Ke2 Kg5 63. Kf3 Rh7 64. Nc5 Rh3+ 65. Kg2 Rg3+
66. Kf2 Rh3 67. Kg2 Rg3+ 68. Kh2 Re3 69. Re6 Rf3 70. Re2 Kh4 71. b4 Rh3+ 72.
Kg1 Kg3 73. Rg2+ Kf3 74. b5 Rh6 75. Nd7 Rh7 76. Ne5+ Ke3 77. Nc4+ Kd4 78. b3
Kc5 79. b6 Kc6 80. Rg6+ Kb5 81. Kg2 Ka6 82. Rf6 f3+ 83. Kxf3 Rh3+ 84. Kf4 Rxb3
85. Kxf5 Rb5+ 86. Ke6 Rb4 87. Kd5 Rb5+ 88. Kd6 Rb4 89. Rf4 Rb5 90. Rf7 1-0

[Event "European Youth Chess Championship G18"]
[Site "Prague, Top Hotel Prague"]
[Date "2016.08.25"]
[Round "7.22"]
[White "Poliakova, Emma"]
[Black "Boehm, Jana"]
[Result "1/2-1/2"]
[WhiteElo "1912"]
[BlackElo "1954"]
[PlyCount "63"]
[EventDate "2016.08.18"]

1. e4 e6 2. d4 d5 3. Nd2 Nf6 4. e5 Nfd7 5. Bd3 c5 6. c3 Nc6 7. Ndf3 cxd4 8.
cxd4 f6 9. exf6 Nxf6 10. Ne2 Bd6 11. O-O Qc7 12. Bg5 O-O 13. Bh4 Nh5 14. Qc2 h6
15. Bh7+ Kh8 16. Bg6 Rxf3 17. Bxh5 Rf5 18. Bg6 Bxh2+ 19. Kh1 Bd6 20. Bxf5 exf5
21. f4 Qf7 22. Kg1 Bd7 23. Qd3 Nb4 24. Qf3 Bb5 25. Nc3 Bxf1 26. Rxf1 Re8 27. a3
Nc6 28. Bf2 Kg8 29. Qxd5 Qxd5 30. Nxd5 Re4 31. Rd1 Bb8 32. g3 1/2-1/2

[Event "European Youth Chess Championship G18"]
[Site "Prague, Top Hotel Prague"]
[Date "2016.08.25"]
[Round "7.23"]
[White "Lingur, Zalina"]
[Black "Silva, Mariana Sofia T"]
[Result "1-0"]
[WhiteElo "2060"]
[BlackElo "1757"]
[PlyCount "69"]
[EventDate "2016.08.18"]

1. e4 c5 2. Ne2 Nc6 3. c4 g6 4. d4 cxd4 5. Nxd4 Bg7 6. Be3 Nf6 7. Nc3 d6 8. Be2
O-O 9. O-O Bd7 10. Qd2 Nxd4 11. Bxd4 Bc6 12. f3 Nd7 13. Be3 a5 14. b3 Nc5 15.
Rab1 Be5 16. a3 e6 17. g3 Qe7 18. Qc2 f5 19. exf5 Rxf5 20. f4 Bg7 21. Bg4 Re8
22. Rbe1 Qf6 23. Bxf5 gxf5 24. Bxc5 dxc5 25. Nb5 b6 26. Rd1 Qe7 27. Rfe1 Ba8
28. h3 Qb7 29. Kh2 Qe7 30. Rd6 Qb7 31. Qd2 Bf8 32. Rd7 Qc6 33. Nc7 Bd6 34. Nxe8
Qxd7 35. Nf6+ 1-0

[Event "European Youth Chess Championship G18"]
[Site "Prague, Top Hotel Prague"]
[Date "2016.08.25"]
[Round "7.24"]
[White "Sit, Victoria"]
[Black "Olechnicka, Karolina"]
[Result "0-1"]
[WhiteElo "1697"]
[BlackElo "1913"]
[PlyCount "128"]
[EventDate "2016.08.18"]

1. d4 c5 2. d5 Nf6 3. c4 e6 4. Nc3 exd5 5. cxd5 d6 6. e4 g6 7. h3 Bg7 8. Nf3
O-O 9. Bd3 b5 10. O-O a6 11. Rb1 Re8 12. Qc2 c4 13. Be2 Nbd7 14. b3 cxb3 15.
axb3 Nc5 16. Nd2 b4 17. Na2 Nfxe4 18. Nxe4 Nxe4 19. Bd3 a5 20. Bxe4 Rxe4 21.
Bb2 Bxb2 22. Qxe4 Bf5 23. Qe2 Bxb1 24. Rxb1 Be5 25. Nc1 Qd7 26. Nd3 Qb5 27. Qf3
Bc3 28. Nb2 Rc8 29. Na4 Be5 30. Qg4 Rc2 31. f4 Bd4+ 32. Kh1 Qxd5 33. Rd1 Qe4
34. f5 Qxg4 35. hxg4 Bf2 36. Rxd6 Bg3 37. Rd1 gxf5 38. gxf5 Rf2 39. f6 Rxf6 40.
Kg1 Rf5 41. Rd3 Bh4 42. Kh2 Kg7 43. Kh3 Bg5 44. Nb6 Rc5 45. Na4 Re5 46. Kh2 Kg6
47. Nb6 Rb5 48. Rd6+ Kf5 49. Kh3 Rc5 50. Na4 Re5 51. Rd7 Re3+ 52. Kh2 Bf4+ 53.
Kg1 f6 54. Kf2 Rxb3 55. Rd5+ Kg4 56. Rxa5 Ra3 57. Ra8 Ra2+ 58. Kf1 b3 59. Rg8+
Kh4 60. Nc3 b2 61. Rg7 Ra1+ 62. Kf2 Be5 63. Rxh7+ Kg4 64. Rg7+ Kf5 0-1

[Event "European Youth Chess Championship G18"]
[Site "Prague, Top Hotel Prague"]
[Date "2016.08.25"]
[Round "7.25"]
[White "Kyrkjebo, Marte B"]
[Black "Yolal, Sena Gokcen"]
[Result "0-1"]
[WhiteElo "1866"]
[BlackElo "1646"]
[PlyCount "154"]
[EventDate "2016.08.18"]

1. e4 c5 2. Nf3 Nc6 3. Bb5 g6 4. Bxc6 bxc6 5. O-O Bg7 6. c3 d6 7. d4 cxd4 8.
cxd4 Nh6 9. Nc3 O-O 10. h3 Rb8 11. Be3 f5 12. Qd2 fxe4 13. Nxe4 Nf5 14. Rac1
Be6 15. Nc3 Qd7 16. b3 h6 17. Bf4 Kh7 18. g4 Nxd4 19. Nxd4 Bxg4 20. Bg3 Bxh3
21. Rfe1 e5 22. Nc2 Rf3 23. Kh2 Rbf8 24. Re2 d5 25. Rg1 Qf5 26. Rh1 e4 27. Nd1
Rd3 28. Qe1 Be5 29. Nce3 Qe6 30. Bxe5 Qxe5+ 31. Kxh3 d4 32. Kg2 dxe3 33. Nxe3
Qg5+ 34. Kf1 Rf3 35. Rg1 Qd8 36. Kg2 Qg5+ 37. Kf1 Qd8 38. Qb4 Rd5 39. Qb7+ Rd7
40. Qb4 Qe8 41. Rd2 Rdf7 42. Qd6 R3f6 43. Qg3 Qc8 44. Ng4 Rf3 45. Qh4 Qf8 46.
Rd8 Qg7 47. Ke2 h5 48. Rg2 R3f4 49. Qh2 Qb2+ 50. Rd2 Qc3 51. Ne3 Qc5 52. Qg1
R4f6 53. Qh2 Qb5+ 54. Ke1 Qb4 55. Ke2 Qb5+ 56. Nc4 Qf5 57. Nd6 Qf3+ 58. Ke1 e3
59. Re2 Rd7 60. Rxe3 Qd5 61. Re5 Re6 62. f4 Qxd6 63. Rd2 Rxe5+ 64. fxe5 Qxd2+
65. Qxd2 Rxd2 66. Kxd2 g5 67. Ke3 Kg6 68. Ke4 h4 69. Kf3 h3 70. Kg3 g4 71. e6
Kf6 72. Kh2 Kxe6 73. Kg3 Kf5 74. b4 Ke4 75. a4 Kd4 76. b5 cxb5 77. axb5 Kc5 0-1

[Event "European Youth Chess Championship G18"]
[Site "Prague, Top Hotel Prague"]
[Date "2016.08.25"]
[Round "7.26"]
[White "Suchomelova, Simona"]
[Black "Ajanovic, Berina"]
[Result "1-0"]
[WhiteElo "1838"]
[BlackElo "1377"]
[PlyCount "79"]
[EventDate "2016.08.18"]

1. e4 c5 2. Nf3 Nc6 3. d4 cxd4 4. Nxd4 g6 5. g3 Bg7 6. Ne2 Nf6 7. Nbc3 O-O 8.
Bg2 d6 9. O-O Bd7 10. h3 a6 11. a4 Rc8 12. Nd5 Nxd5 13. exd5 Ne5 14. Ra2 Qa5
15. b3 Rc7 16. Bd2 Qc5 17. Be3 Qa5 18. f4 Nc4 19. bxc4 Rxc4 20. Kh2 Bxa4 21.
Bd4 Bxd4 22. Nxd4 Qc5 23. Nb3 Qb4 24. Qe1 Bxb3 25. Qxb4 Rxb4 26. Rb2 a5 27.
Rxb3 Rxb3 28. cxb3 Rc8 29. Rf2 Rc3 30. Rb2 Kf8 31. g4 Ke8 32. Bf1 Kd8 33. Be2
Kc7 34. Kg2 Rc5 35. Bf3 Kb6 36. b4 Rb5 37. bxa5+ Kxa5 38. Re2 Rb4 39. Kg3 b5
40. Rxe7 1-0

[Event "European Youth Chess Championship G18"]
[Site "Prague, Top Hotel Prague"]
[Date "2016.08.25"]
[Round "7.27"]
[White "Jerabkova, Julia"]
[Black "Sajjadi, Kimiya"]
[Result "0-1"]
[WhiteElo "1571"]
[BlackElo "1828"]
[PlyCount "42"]
[EventDate "2016.08.18"]

1. c4 e5 2. Nc3 Nf6 3. g3 Bb4 4. Bg2 Bxc3 5. bxc3 d6 6. e3 e4 7. f3 Qe7 8. fxe4
Nxe4 9. d3 Nc5 10. Nf3 O-O 11. O-O Nc6 12. Qc2 Rb8 13. e4 f5 14. Bg5 Qe8 15.
exf5 Bxf5 16. Nd4 Bxd3 17. Bd5+ Kh8 18. Rxf8+ Qxf8 19. Qd2 Ne5 20. Nb3 Bxc4 21.
Bxc4 Nf3+ 0-1

[Event "European Youth Chess Championship G18"]
[Site "Prague, Top Hotel Prague"]
[Date "2016.08.25"]
[Round "7.28"]
[White "Sarnovska, Eira"]
[Black "Temmerman, Sara"]
[Result "1-0"]
[WhiteElo "1719"]
[BlackElo "1631"]
[PlyCount "65"]
[EventDate "2016.08.18"]

1. Nf3 d5 2. c4 e6 3. b3 d4 4. Bb2 c5 5. g3 Nc6 6. d3 e5 7. Bg2 Bg4 8. h3 Bh5
9. O-O Bd6 10. Kh2 Nge7 11. e4 f5 12. Nbd2 O-O 13. exf5 Nxf5 14. Ne4 Bg6 15. a3
Re8 16. Re1 Rb8 17. Rc1 Bf8 18. Qc2 Qb6 19. Rb1 h6 20. Bc1 Re6 21. b4 cxb4 22.
c5 Qc7 23. axb4 a6 24. g4 Nfe7 25. Nh4 Bf7 26. Nd6 Nd8 27. Nxf7 Nxf7 28. f4 Nc6
29. Qa2 Re7 30. Ng6 Rd7 31. fxe5 Re8 32. Bf4 Rdd8 33. e6 1-0

[Event "European Youth Chess Championship G18"]
[Site "Prague, Top Hotel Prague"]
[Date "2016.08.25"]
[Round "7.29"]
[White "Pokorna, Jana"]
[Black "Maric, Sara"]
[Result "1/2-1/2"]
[WhiteElo "1630"]
[BlackElo "1829"]
[PlyCount "63"]
[EventDate "2016.08.18"]

1. e4 e5 2. Nf3 Nc6 3. d4 exd4 4. Nxd4 Bc5 5. Be3 Qf6 6. c3 Nge7 7. Qd2 O-O 8.
Nxc6 Qxc6 9. Bxc5 Qxc5 10. Qd4 Qxd4 11. cxd4 d6 12. Nd2 Re8 13. Be2 b6 14. O-O
Bb7 15. d5 Ng6 16. Bb5 Re7 17. Rac1 a6 18. Bc6 Bxc6 19. Rxc6 Nf4 20. a3 a5 21.
Rc2 Rf8 22. Re1 Nxd5 23. Rec1 Nf4 24. Rxc7 Rxc7 25. Rxc7 Nd3 26. Rc6 Rb8 27. b3
b5 28. Rxd6 Nc5 29. Rc6 Nd3 30. Ra6 a4 31. bxa4 Nc5 32. Rc6 1/2-1/2

[Event "European Youth Chess Championship G18"]
[Site "Prague, Top Hotel Prague"]
[Date "2016.08.25"]
[Round "7.30"]
[White "Reid, Caitlin"]
[Black "Pilsan, Martha"]
[Result "1-0"]
[WhiteElo "1439"]
[BlackElo "1640"]
[PlyCount "38"]
[EventDate "2016.08.18"]

1. e4 e5 2. Nf3 Nc6 3. d4 exd4 4. Bc4 Nf6 5. e5 Ng4 6. Bxf7+ Kxf7 7. Ng5+ Kg8
8. Qxg4 h6 9. Nf3 d6 10. Qg3 Qe8 11. Bf4 dxe5 12. Bxe5 Nb4 13. Na3 Bf5 14. O-O
Nxc2 15. Nxc2 Bxc2 16. Rac1 Qa4 17. Rfe1 c5 18. b3 Qa5 19. Re2 Bf5 1-0

[Event "European Youth Chess Championship G18"]
[Site "Prague, Top Hotel Prague"]
[Date "2016.08.26"]
[Round "8.1"]
[White "Unuk, Laura"]
[Black "Khomeriki, Nino"]
[Result "1/2-1/2"]
[WhiteElo "2240"]
[BlackElo "2338"]
[PlyCount "95"]
[EventDate "2016.08.18"]

1. d4 Nf6 2. c4 e6 3. Nf3 d5 4. g3 dxc4 5. Bg2 Bb4+ 6. Bd2 a5 7. Qc2 Bxd2+ 8.
Qxd2 c6 9. a4 Ne4 10. Qc2 Nd6 11. Nbd2 Na6 12. Nxc4 Nb4 13. Nxd6+ Qxd6 14. Qd2
O-O 15. O-O Rd8 16. Rfd1 b6 17. Rac1 Ba6 18. Ne5 Rac8 19. Nc4 Bxc4 20. Rxc4 b5
21. Rc5 Qxc5 22. dxc5 Rxd2 23. Rxd2 bxa4 24. Rd7 Na6 25. Ra7 Nxc5 26. Rxa5 Nd7
27. Rxa4 Kf8 28. Kf1 Ke7 29. Ke1 Rb8 30. Bxc6 Ne5 31. Ra7+ Kf6 32. Ba4 Rxb2 33.
f4 Nc4 34. Be8 Nd6 35. Bc6 Rb6 36. Bf3 e5 37. Bd5 exf4 38. gxf4 Kf5 39. e3 Kg4
40. Ke2 g6 41. Bxf7 Nxf7 42. Rxf7 Rb2+ 43. Kd3 Rxh2 44. e4 Rh1 45. Ke2 Rh2+ 46.
Ke3 Rh3+ 47. Ke2 Rh2+ 48. Ke3 1/2-1/2

[Event "European Youth Chess Championship G18"]
[Site "Prague, Top Hotel Prague"]
[Date "2016.08.26"]
[Round "8.2"]
[White "Drogovoz, Irina"]
[Black "Kubicka, Anna"]
[Result "1/2-1/2"]
[WhiteElo "2126"]
[BlackElo "2209"]
[PlyCount "109"]
[EventDate "2016.08.18"]

1. d4 Nf6 2. c4 g6 3. Nc3 Bg7 4. e4 d6 5. f3 O-O 6. Nge2 c5 7. Be3 Nc6 8. d5
Na5 9. Ng3 a6 10. Be2 Bd7 11. O-O Rb8 12. a4 Ne8 13. Qd3 b5 14. cxb5 axb5 15.
Nxb5 Bxb2 16. Ra2 Bg7 17. Bd2 Qb6 18. Qc2 Nc7 19. Rb1 Na6 20. Kh1 Rfc8 21. Qd1
h5 22. Nf1 h4 23. h3 Nb4 24. Ra3 Bf6 25. Nh2 e6 26. Ng4 Bg7 27. Be3 exd5 28.
Rxb4 d4 29. Bxd4 cxd4 30. Rb1 Qc5 31. Ra2 Be6 32. Rd2 Qg5 33. Bd3 Bb3 34. Qe1
Bxa4 35. Ra2 Bxb5 36. Rxa5 Bxd3 37. Rxb8 Rxb8 38. Rxg5 Rb1 39. Qxb1 Bxb1 40.
Rd5 f5 41. Nf2 fxe4 42. fxe4 Be5 43. Ng4 Bxe4 44. Rxe5 dxe5 45. Nf6+ Kf7 46.
Nxe4 Ke6 47. Kg1 Kf5 48. Nc5 e4 49. Kf2 Ke5 50. Nb3 Kd5 51. Ke2 Ke5 52. Kf2 Kd5
53. Ke2 g5 54. Nd2 Ke5 55. Nb3 1/2-1/2

[Event "European Youth Chess Championship G18"]
[Site "Prague, Top Hotel Prague"]
[Date "2016.08.26"]
[Round "8.3"]
[White "Osmak, Iulija"]
[Black "Narva, Mai"]
[Result "0-1"]
[WhiteElo "2344"]
[BlackElo "2202"]
[PlyCount "118"]
[EventDate "2016.08.18"]

1. e4 c5 2. Nf3 d6 3. d4 cxd4 4. Nxd4 Nf6 5. Nc3 Nc6 6. f3 e5 7. Nb3 Be7 8. Be3
O-O 9. Qd2 a5 10. Bb5 Na7 11. Bd3 Be6 12. Rd1 Nc8 13. Nc1 Nb6 14. O-O Nc4 15.
Bxc4 Bxc4 16. Rfe1 h6 17. a4 Qc8 18. Nd3 Qc6 19. Rc1 Rfd8 20. b3 Ba6 21. Bf2 d5
22. Nxe5 Qc7 23. Nd3 Ba3 24. Ra1 dxe4 25. Nxe4 Bb4 26. Nxf6+ gxf6 27. Qxh6 Bxe1
28. Rxe1 Qxc2 29. Nf4 Rd6 30. Nh5 Qg6 31. Qf4 Rad8 32. Ng3 Qg5 33. Qxg5+ fxg5
34. Ne4 Rg6 35. Be3 Re8 36. Kf2 g4 37. Bd4 Ree6 38. Rc1 f5 39. Rc8+ Kf7 40. Nc3
Rd6 41. Rc7+ Ke8 42. Be3 Rd3 43. Rc5 Rc6 44. Re5+ Kd7 45. Nb5 Bxb5 46. Rxb5
Rc2+ 47. Kg3 Rxe3 48. Rxb7+ Kc6 49. Rb8 Ree2 50. fxg4 Rxg2+ 51. Kf4 Rcf2+ 52.
Ke5 Rxg4 53. Rb5 f4 54. Ke4 f3+ 55. Ke3 Rf1 56. Rxa5 Rg2 57. Rf5 Re2+ 58. Kd3
Rd1+ 59. Kc4 f2 0-1

[Event "European Youth Chess Championship G18"]
[Site "Prague, Top Hotel Prague"]
[Date "2016.08.26"]
[Round "8.4"]
[White "Diakonova, Ekaterina"]
[Black "Georgescu, Lena"]
[Result "1-0"]
[WhiteElo "2172"]
[BlackElo "2174"]
[PlyCount "67"]
[EventDate "2016.08.18"]

1. e4 c5 2. Nf3 e6 3. d4 cxd4 4. Nxd4 Nf6 5. Nc3 Nc6 6. Ndb5 d6 7. Bf4 e5 8.
Bg5 a6 9. Na3 b5 10. Nd5 Be7 11. Bxf6 Bxf6 12. c3 Bg5 13. Nc2 Ne7 14. a4 bxa4
15. Rxa4 O-O 16. Bc4 Nxd5 17. Bxd5 Rb8 18. b4 Qd7 19. Ra3 Bd8 20. O-O Bb6 21.
Qd3 Qc7 22. Rfa1 Kh8 23. Ne3 Bxe3 24. Qxe3 Rb6 25. Qd3 Bd7 26. Rxa6 Rxa6 27.
Rxa6 f5 28. exf5 h6 29. Be4 d5 30. Bxd5 Bxf5 31. Qe3 Rd8 32. c4 Qc8 33. Rxh6+
Bh7 34. Qe4 1-0

[Event "European Youth Chess Championship G18"]
[Site "Prague, Top Hotel Prague"]
[Date "2016.08.26"]
[Round "8.5"]
[White "Rodionova, Daria"]
[Black "Keetman, Maaike"]
[Result "1/2-1/2"]
[WhiteElo "2279"]
[BlackElo "2101"]
[PlyCount "71"]
[EventDate "2016.08.18"]

1. e4 c5 2. Nf3 e6 3. d4 cxd4 4. Nxd4 Nc6 5. Nc3 Qc7 6. Be3 a6 7. Qf3 Ne5 8.
Qg3 h5 9. f4 h4 10. Qh3 Nc4 11. Bxc4 Qxc4 12. O-O-O b5 13. Nb3 Qc7 14. Rhe1 Bb7
15. e5 Rc8 16. Rd2 Be7 17. Red1 Bc6 18. Nd4 b4 19. Nce2 Bd5 20. Kb1 f6 21. Qg4
Kf7 22. f5 fxe5 23. Qg6+ Kf8 24. fxe6 dxe6 25. Nxe6+ Bxe6 26. Qxe6 Nf6 27. Bg5
Rh5 28. Bxf6 gxf6 29. Rd7 Qxc2+ 30. Ka1 Rh7 31. Rf1 Qxe2 32. Rxf6+ Bxf6 33.
Qxf6+ Ke8 34. Qe6+ Kf8 35. Qf6+ Ke8 36. Qe6+ 1/2-1/2

[Event "European Youth Chess Championship G18"]
[Site "Prague, Top Hotel Prague"]
[Date "2016.08.26"]
[Round "8.6"]
[White "Vidic, Teja"]
[Black "Saumanaite, Skaiste"]
[Result "1/2-1/2"]
[WhiteElo "2149"]
[BlackElo "1905"]
[PlyCount "56"]
[EventDate "2016.08.18"]

1. e4 c6 2. d4 d5 3. Nc3 dxe4 4. Nxe4 Nd7 5. Nf3 Ngf6 6. Ng3 g6 7. h4 h6 8. Bd3
Nb6 9. Ne5 Bg7 10. c3 Nfd5 11. Qe2 Qc7 12. h5 g5 13. a4 Bxe5 14. dxe5 Be6 15.
Be3 Nxe3 16. Qxe3 Nd7 17. Bf5 Bxf5 18. Nxf5 Qxe5 19. Qxe5 Nxe5 20. O-O-O f6 21.
f3 b6 22. Rhe1 e6 23. Nd4 Kf7 24. g3 c5 25. Nb5 c4 26. Re4 Ke7 27. Kc2 Nxf3 28.
Rxc4 Rac8 1/2-1/2

[Event "European Youth Chess Championship G18"]
[Site "Prague, Top Hotel Prague"]
[Date "2016.08.26"]
[Round "8.7"]
[White "Salimova, Nurgyul"]
[Black "Chanturia, Ani"]
[Result "1-0"]
[WhiteElo "2147"]
[BlackElo "1737"]
[PlyCount "81"]
[EventDate "2016.08.18"]

1. e4 c6 2. d4 d5 3. e5 Bf5 4. h4 h5 5. c4 e6 6. Nc3 Ne7 7. Bg5 Qa5 8. Nf3 Nd7
9. a3 Qc7 10. Rc1 dxc4 11. Bxc4 Nb6 12. Bd3 Bxd3 13. Qxd3 Qd7 14. O-O Nf5 15.
Ne4 Be7 16. Rfd1 Bxg5 17. Nfxg5 Rd8 18. Nc5 Qe7 19. Qe4 Nd5 20. b4 a6 21. g3
Rh6 22. Rd3 Kf8 23. Qf3 Nb6 24. Qf4 Nd5 25. Qd2 Kg8 26. Kh2 Rg6 27. Rb1 Nb6 28.
a4 Rd5 29. Nh3 Rh6 30. Nf4 Rd8 31. b5 axb5 32. axb5 Nd5 33. bxc6 bxc6 34. Rb7
Qe8 35. Nh3 Rb8 36. Rdb3 Rxb7 37. Rxb7 Rg6 38. Ng5 Nh6 39. Qb2 Ng4+ 40. Kg1
Rxg5 41. Rb8 1-0

[Event "European Youth Chess Championship G18"]
[Site "Prague, Top Hotel Prague"]
[Date "2016.08.26"]
[Round "8.8"]
[White "Asatryan, Sona"]
[Black "Paolillo, Gaia"]
[Result "1-0"]
[WhiteElo "1857"]
[BlackElo "2109"]
[PlyCount "55"]
[EventDate "2016.08.18"]

1. e4 e6 2. d4 d5 3. Nc3 Nf6 4. e5 Nfd7 5. f4 c5 6. Be3 Nc6 7. Nf3 a6 8. Qd2 b5
9. a3 g5 10. fxg5 cxd4 11. Nxd4 Ncxe5 12. Be2 Be7 13. O-O O-O 14. h4 Nb6 15.
Qe1 Nbc4 16. Bxc4 dxc4 17. Rd1 Qb6 18. Qg3 Nc6 19. Nxe6 Qb8 20. Qxb8 Rxb8 21.
Nxf8 Bxf8 22. Nd5 Bg7 23. Nf6+ Bxf6 24. gxf6 Be6 25. Rd6 Nd8 26. Rfd1 Nb7 27.
Rb6 Bc8 28. Rd8+ 1-0

[Event "European Youth Chess Championship G18"]
[Site "Prague, Top Hotel Prague"]
[Date "2016.08.26"]
[Round "8.9"]
[White "Kanakova, Natalie"]
[Black "Shivacheva, Donika"]
[Result "1-0"]
[WhiteElo "2179"]
[BlackElo "2035"]
[PlyCount "77"]
[EventDate "2016.08.18"]

1. e4 e5 2. Nf3 Nc6 3. d4 exd4 4. Nxd4 Bc5 5. Nb3 Bb6 6. Nc3 Nf6 7. Qe2 a5 8.
Bg5 a4 9. Nd2 h6 10. Bh4 g5 11. Bg3 a3 12. e5 O-O 13. O-O-O axb2+ 14. Kb1 Bd4
15. Nb5 Nd5 16. Qe4 Ncb4 17. Qxd4 c5 18. Qc4 d6 19. a3 Be6 20. Ne4 f5 21. Nexd6
Qe7 22. Qb3 f4 23. Bc4 Kh8 24. axb4 Nxb4 25. Bxe6 Ra1+ 26. Kxb2 Ra2+ 27. Qxa2
Nxa2 28. Bxa2 Qxe5+ 29. Nc3 fxg3 30. Nf7+ Rxf7 31. Bxf7 gxf2 32. Bc4 Qc7 33.
Nb5 Qf4 34. Rd8+ Kh7 35. Rd7+ Kh8 36. Ra1 Qe5+ 37. Nc3 Qe8 38. Rad1 Qe1 39.
R1d6 1-0

[Event "European Youth Chess Championship G18"]
[Site "Prague, Top Hotel Prague"]
[Date "2016.08.26"]
[Round "8.10"]
[White "Pychova, Nela"]
[Black "Roklicer, Heike"]
[Result "1/2-1/2"]
[WhiteElo "2072"]
[BlackElo "1936"]
[PlyCount "80"]
[EventDate "2016.08.18"]

1. d4 d6 2. c4 e5 3. dxe5 dxe5 4. Qxd8+ Kxd8 5. Nc3 c6 6. Nf3 f6 7. a3 Be6 8.
e3 a5 9. b3 Nd7 10. Bb2 Kc7 11. Be2 Nc5 12. Nd2 Rd8 13. Rd1 Nh6 14. h3 Be7 15.
O-O Rd7 16. Nce4 Bf5 17. Nxc5 Bxc5 18. Bc3 Bxa3 19. Bxa5+ b6 20. Bc3 Be7 21.
Ra1 Kb7 22. Ra2 Ra8 23. Rxa8 Kxa8 24. Ra1+ Kb7 25. b4 Rd8 26. b5 Bd7 27. Bf3
Nf7 28. Nb3 Ng5 29. bxc6+ Bxc6 30. Bxc6+ Kxc6 31. Ra7 Rd7 32. Rxd7 Kxd7 33. f3
Ne6 34. Kf2 Kc6 35. Ke2 Nd8 36. Kd3 Nb7 37. g4 Bd6 38. h4 g6 39. h5 Nd8 40.
hxg6 hxg6 1/2-1/2

[Event "European Youth Chess Championship G18"]
[Site "Prague, Top Hotel Prague"]
[Date "2016.08.26"]
[Round "8.11"]
[White "Weaver, Lauren"]
[Black "Trippold, Denise"]
[Result "0-1"]
[WhiteElo "1552"]
[BlackElo "2066"]
[PlyCount "148"]
[EventDate "2016.08.18"]

1. d4 Nf6 2. Nf3 g6 3. Nc3 Bg7 4. e4 d6 5. Be3 O-O 6. Qd2 Re8 7. Bh6 Bh8 8. Bc4
c6 9. h4 b5 10. Bb3 b4 11. Ne2 Nxe4 12. Qf4 d5 13. Ne5 f6 14. Nxc6 Nxc6 15.
Qxe4 e6 16. Qd3 a5 17. Ba4 Ba6 18. Bb5 Bxb5 19. Qxb5 Qd6 20. h5 g5 21. Qd3 e5
22. O-O-O e4 23. Qh3 a4 24. Qf5 Ne7 25. Qg4 b3 26. Nc3 Kf7 27. f3 e3 28. Rhe1
Ng8 29. Bxg5 fxg5 30. Qxg5 a3 31. cxb3 axb2+ 32. Kb1 Nf6 33. Rxe3 Rxe3 34. Qxe3
Re8 35. Qg5 Rg8 36. Qd2 Nxh5 37. Rh1 Bg7 38. Kxb2 Bh6 39. Qc2 Ng3 40. Qxh7+ Bg7
41. Rd1 Rh8 42. Qc2 Rc8 43. Qd3 Qe6 44. a4 Nf5 45. Nb5 Ne3 46. Rd2 Nf5 47. g4
Ne7 48. Re2 Qc6 49. Qd2 Re8 50. f4 Nc8 51. f5 Nd6 52. Nxd6+ Qxd6 53. Rxe8 Kxe8
54. Qe3+ Kd8 55. Qd2 Qb6 56. Qg5+ Bf6 57. Qg8+ Kc7 {(uncertain reading of the
move)} 58. Qxd5 Bxd4+ 59. Ka2 Bf6 60. Qf7+ {(uncertain reading of the move)}
Kd8 61. Qd5+ Kc7 62. Qd2 Qc5 63. g5 Be7 64. Qf4+ Kb7 65. Qe4+ Ka7 66. b4 Qd6
67. Qe3+ Kb8 68. f6 Qd5+ 69. Ka3 Bd6 70. Qe8+ Kc7 71. Qe3 Qc4 72. Qd2 Be5 73.
Qa2 Qc1+ 74. Kb3 Qc3# 0-1

[Event "European Youth Chess Championship G18"]
[Site "Prague, Top Hotel Prague"]
[Date "2016.08.26"]
[Round "8.12"]
[White "Fuskova, Martina"]
[Black "Cusmuliuc, Diana-Elena"]
[Result "1-0"]
[WhiteElo "2063"]
[BlackElo "1945"]
[PlyCount "125"]
[EventDate "2016.08.18"]

1. e4 c5 2. Nf3 d6 3. d4 cxd4 4. Nxd4 Nf6 5. Nc3 a6 6. Be2 e5 7. Nb3 Be7 8. O-O
O-O 9. Re1 Be6 10. Bf3 Nbd7 11. a4 b6 12. Nd2 Ne8 13. Nf1 Nc7 14. Ne3 Nf6 15.
Ned5 Ncxd5 16. Nxd5 Bxd5 17. exd5 Nd7 18. Be3 Bg5 19. c4 Bxe3 20. Rxe3 a5 21.
Be2 Nc5 22. Qc2 f5 23. f3 Qg5 24. Rc3 Rf6 25. Bd3 Raf8 26. Re1 Rh6 27. Re2 e4
28. fxe4 fxe4 29. Bxe4 Qf4 30. h3 Qf1+ 31. Kh2 Nxe4 32. Qxe4 Rhf6 33. Re1 Qf2
34. Rc2 Qc5 35. Qe3 Qb4 36. b3 Rf5 37. Qc3 Qc5 38. Re7 R8f7 39. Rce2 Rf1 40.
Re8+ Rf8 41. Rxf8+ Kxf8 42. Qe3 Qxe3 43. Rxe3 Rb1 44. Kg3 Rb2 45. Kf3 Kf7 46.
g4 Rd2 47. Kf4 h6 48. Re6 Rf2+ 49. Ke3 Rh2 50. Rxd6 Rxh3+ 51. Kd4 Rxb3 52. Rc6
g6 53. Ke5 Re3+ 54. Kd6 Re4 55. Kc7 Rxg4 56. Kxb6 h5 57. Kc7 Rd4 58. d6 h4 59.
c5 h3 60. Rb6 g5 61. d7 h2 62. Rh6 g4 63. Rxh2 1-0